000 00543nam a2200181Ia 4500
008 240925s9999 xx 000 0 und d
020 _a24187704
082 _a004 SZY
100 _aSzymanski ,Robert A.
245 0 _aComputers and Information Systems: with hand-on software tutorials
250 _aNA
260 _aNew Jersey:
_bPrintice- Hall Int.
_c,1995.
300 _axii,291p.
_bNA
_fOriginal
500 _aIncludes Index
600 _aEngineering Technology
650 _aComputer science, information & general works
942 _cBK
999 _c5277
_d5277